000 00407nab a2200145Ia 4500
003 ES-SlBCS
005 20210601133400.0
008 140529s1954 xxu||||| |||| 00| 0 lat d
041 _alat
100 1 _aWalz, Angelo
_9133357
245 0 0 _aDe corde Mariae testes dominicani
_c Angelo Walz
650 0 4 _aDominicanos-María
_9204742
773 0 _tAngelicum
_gvol. 31, 1954, págs. 307-351
_wRev26
942 _cAR
999 _c595399
_d595399